[Event "Schleswig Holstein-ch U16"]
[Site "Neumuenster"]
[Date "2014.04.21"]
[Round "1"]
[White "Dreessen, Jakob"]
[Black "Nahnsen, Kenneth"]
[Result "1-0"]
[WhiteElo "1823"]
[BlackElo "1731"]
[PlyCount "59"]
[EventDate "2014.04.??"]
[EventType "swiss"]
[EventRounds "9"]
[EventCountry "GER"]
[SourceTitle "EXT 2022"]
[Source "ChessBase"]
[SourceDate "2021.10.06"]
[SourceVersion "1"]
[SourceVersionDate "2021.10.06"]
[SourceQuality "1"]

1. e4 c5 2. Nc3 g6 3. f4 Bg7 4. Nf3 Nc6 5. Bc4 e6 6. 0-0 Nge7 7. d3 0-0 8. Qe1 d5 9. Bb3 dxe4 10. dxe4 b6 11. Qh4 Nd4 12. f5 Nxf3+ 13. Rxf3 Nc6 14. Bg5 Qd4+ 15. Kh1 Ne5 16. Rh3 h5 17. Rd1 Qb4 18. a3 Qa5 19. f6 Bh8 20. Bh6 Re8 21. Rg3 Ng4 22. Rxg4 hxg4 23. Ba4 Bd7 24. Rxd7 Red8 25. Bg7 Bxg7 26. fxg7 Kxg7 27. Rxd8 Rxd8 28. Qxd8 Qa6 29. Bb5 Qa5 30. Qe7 1-0

[Event "Kiel op-A 26th"]
[Site "Kiel"]
[Date "2013.07.27"]
[Round "1"]
[White "Dreessen, Jakob"]
[Black "Haffner, Alexander"]
[Result "0-1"]
[WhiteElo "1789"]
[BlackElo "2095"]
[PlyCount "86"]
[EventDate "2013.07.27"]
[EventType "swiss"]
[EventRounds "9"]
[EventCountry "GER"]
[SourceTitle "EXT 2018"]
[Source "ChessBase"]
[SourceDate "2017.10.13"]
[SourceVersion "1"]
[SourceVersionDate "2017.10.13"]
[SourceQuality "1"]

1. e4 g6 2. Nc3 Bg7 3. f4 c6 4. Bc4 d6 5. Nf3 Nf6 6. d4 0-0 7. e5 Ne8 8. 0-0 Bg4 9. Qe1 d5 10. Bd3 Bxf3 11. Rxf3 e6 12. g4 Nd7 13. f5 c5 14. f6 Nexf6 15. exf6 Bxf6 16. Rh3 Bxd4+ 17. Kh1 Qf6 18. Bd2 Ne5 19. Be2 a6 20. g5 Qg7 21. Nxd5 exd5 22. c3 Nc6 23. cxd4 Nxd4 24. Bd3 Rae8 25. Qf2 Re6 26. Bc3 Rfe8 27. Rh4 Re3 28. Bxd4 cxd4 29. Rd1 Qe5 30. Qf4 Rxd3 31. Rxd3 Qe1+ 32. Kg2 Qe2+ 33. Qf2 Qxd3 34. Rxd4 Qb5 35. Kf3 Re5 36. Kg4 Qd7+ 37. Kh4 Rf5 38. Qe3 h6 39. Qd2 Rxg5 40. a3 Qd8 41. Kh3 Qf6 42. Rf4 Qe6+ 43. Kh4 Rg1 0-1

[Event "Kiel op-A 26th"]
[Site "Kiel"]
[Date "2013.07.27"]
[Round "2"]
[White "Terwitte, Heinrich"]
[Black "Dreessen, Jakob"]
[Result "1/2-1/2"]
[WhiteElo "1939"]
[BlackElo "1789"]
[PlyCount "105"]
[EventDate "2013.07.27"]
[EventType "swiss"]
[EventRounds "9"]
[EventCountry "GER"]
[SourceTitle "EXT 2018"]
[Source "ChessBase"]
[SourceDate "2017.10.13"]
[SourceVersion "1"]
[SourceVersionDate "2017.10.13"]
[SourceQuality "1"]

1. e4 c5 2. Nf3 e6 3. d4 cxd4 4. Nxd4 Nf6 5. Nc3 d6 6. Be2 Be7 7. 0-0 a6 8. a4 Qc7 9. f4 0-0 10. Be3 Nc6 11. Nb3 b6 12. Qe1 Nb4 13. Qf2 Rb8 14. Bf3 Rd8 15. Rad1 Nd7 16. Rd4 Nc6 17. Rd2 Nc5 18. Nd4 Nb4 19. Nde2 Bd7 20. g4 b5 21. axb5 axb5 22. g5 Nc6 23. e5 Na4 24. exd6 Bxd6 25. Ne4 Be7 26. b3 Nb6 27. Nc5 Nb4 28. Nxd7 Nxd7 29. c3 Nc6 30. Rfd1 Rbc8 31. b4 g6 32. Be4 Bf8 33. Nd4 Nxd4 34. Bxd4 Bd6 35. Be3 Be7 36. Rd3 Rb8 37. Bd4 e5 38. Be3 exf4 39. Bxf4 Ne5 40. Qg3 f6 41. gxf6 Rxd3 42. f7+ Kxf7 43. Bxd3 Bf6 44. Be4 Re8 45. Bh6 Rd8 46. Bd5+ Ke7 47. Be3 Kf8 48. Qf2 Ng4 49. Bc5+ Kg7 50. Qg2 Ne5 51. Ra1 Rd7 52. Be6 Rd2 53. Qa8 1/2-1/2

[Event "Kiel Cup U20"]
[Site "Kiel"]
[Date "2012.10.07"]
[Round "7"]
[White "Beeck, Mats"]
[Black "Dreessen, Jakob"]
[Result "1-0"]
[WhiteElo "1794"]
[BlackElo "1811"]
[PlyCount "43"]
[EventDate "2012.10.??"]
[EventType "swiss"]
[EventRounds "7"]
[EventCountry "GER"]
[SourceTitle "EXT 2015"]
[Source "ChessBase"]
[SourceDate "2014.11.20"]
[SourceVersion "1"]
[SourceVersionDate "2014.11.20"]
[SourceQuality "1"]

1. e4 c5 2. Nf3 e6 3. d4 cxd4 4. Nxd4 Nf6 5. Nc3 d6 6. Bc4 a6 7. Bb3 b5 8. 0-0 Be7 9. Qf3 Qc7 10. Qg3 b4 11. Nce2 Nxe4 12. Qxg7 Bf6 13. Qh6 Qe7 14. Re1 Nc5 15. Bf4 e5 16. Bd5 Ra7 17. Ng3 Rg8 18. Ngf5 Bxf5 19. Nxf5 Rg6 20. Qxh7 Qd8 21. Bxf7+ Rxf7 22. Qxg6 1-0

[Event "Kiel Cup U20"]
[Site "Kiel"]
[Date "2012.10.06"]
[Round "6"]
[White "Dreessen, Jakob"]
[Black "Birkhahn, Mattis"]
[Result "0-1"]
[WhiteElo "1811"]
[BlackElo "1695"]
[PlyCount "90"]
[EventDate "2012.10.??"]
[EventType "swiss"]
[EventRounds "7"]
[EventCountry "GER"]
[SourceTitle "EXT 2015"]
[Source "ChessBase"]
[SourceDate "2014.11.20"]
[SourceVersion "1"]
[SourceVersionDate "2014.11.20"]
[SourceQuality "1"]

1. e4 c5 2. Nc3 g6 3. f4 Bg7 4. Nf3 Nc6 5. Bc4 d6 6. d3 Nf6 7. 0-0 0-0 8. a4 Bd7 9. Qe1 Qc8 10. Qh4 Be6 11. Bxe6 fxe6 12. e5 Nd5 13. Ng5 h6 14. Nge4 Nxc3 15. Nxc3 dxe5 16. f5 g5 17. Qc4 Nd4 18. Ne4 Kh8 19. Nxc5 Rxf5 20. Bd2 Qf8 21. Rfe1 Rf2 22. Ne4 Rc8 23. Qxc8 Qxc8 24. Nxf2 Qxc2 25. Bc3 Ne2+ 26. Kf1 Nxc3 27. bxc3 Qxc3 28. Rec1 Qd4 29. Ra2 e4 30. Rc4 Qd5 31. Rcc2 exd3 32. Rd2 Bc3 33. Nxd3 Bxd2 34. Rxd2 e5 35. Rd1 e4 36. Nb2 Qb3 37. Rd2 e3 38. Re2 Qc3 39. g3 Kg7 40. g4 Kf6 41. Kg2 Qc6+ 42. Kg3 Qe4 43. h3 a6 44. Nd1 Qe5+ 45. Kf3 Qd5+ 0-1

[Event "Kiel Cup U20"]
[Site "Kiel"]
[Date "2012.10.04"]
[Round "1"]
[White "Dreessen, Jakob"]
[Black "Henschen, Patrick"]
[Result "1/2-1/2"]
[WhiteElo "1811"]
[BlackElo "1759"]
[PlyCount "46"]
[EventDate "2012.10.??"]
[EventType "swiss"]
[EventRounds "7"]
[EventCountry "GER"]
[SourceTitle "EXT 2015"]
[Source "ChessBase"]
[SourceDate "2014.11.20"]
[SourceVersion "1"]
[SourceVersionDate "2014.11.20"]
[SourceQuality "1"]

1. e4 c5 2. Nf3 e6 3. d3 d6 4. g3 g6 5. Bg2 Bg7 6. 0-0 Nc6 7. Re1 Qc7 8. c3 Nge7 9. Qc2 0-0 10. Nbd2 Rb8 11. a4 d5 12. Nf1 Rd8 13. Ne3 b6 14. Ng4 dxe4 15. dxe4 e5 16. Nh6+ Kf8 17. Nxf7 Re8 18. N7g5 h6 19. Nh3 Be6 20. Re3 Qc8 21. Ne1 Bxh3 22. Bxh3 Qxh3 23. Qb3 Ng8 1/2-1/2

[Event "Schleswig Holstein-ch U16 Vormeister"]
[Site "Neumuenster"]
[Date "2011.04.30"]
[Round "8.2"]
[White "Dreessen, Jakob"]
[Black "Henschen, Patrick"]
[Result "1-0"]
[WhiteElo "1387"]
[BlackElo "1405"]
[PlyCount "35"]
[EventDate "2011.04.25"]
[EventType "swiss"]
[EventRounds "9"]
[EventCountry "GER"]
[SourceTitle "EXT 2022"]
[Source "ChessBase"]
[SourceDate "2021.10.06"]
[SourceVersion "1"]
[SourceVersionDate "2021.10.06"]
[SourceQuality "1"]

1. e4 c5 2. Nc3 Nc6 3. f4 d6 4. Nf3 a6 5. a4 g6 6. Bc4 Bg7 7. d3 Bg4 8. Bxf7+ Kxf7 9. Ng5+ Ke8 10. Qxg4 Nf6 11. Qd1 Qd7 12. 0-0 Ng4 13. Ne2 h6 14. Nf3 Rf8 15. c3 Nf6 16. Ng3 e6 17. Nh4 Kf7 18. f5 1-0

[Event "Schleswig Holstein-ch U16 Vormeister"]
[Site "Neumuenster"]
[Date "2011.04.26"]
[Round "3.3"]
[White "Nahnsen, Kenneth"]
[Black "Dreessen, Jakob"]
[Result "0-1"]
[WhiteElo "1206"]
[BlackElo "1387"]
[PlyCount "44"]
[EventDate "2011.04.25"]
[EventType "swiss"]
[EventRounds "9"]
[EventCountry "GER"]
[SourceTitle "EXT 2022"]
[Source "ChessBase"]
[SourceDate "2021.10.06"]
[SourceVersion "1"]
[SourceVersionDate "2021.10.06"]
[SourceQuality "1"]

1. e4 c5 2. Nc3 Nc6 3. g3 g6 4. Bg2 Bg7 5. f4 e6 6. Nf3 Nge7 7. d3 0-0 8. g4 d5 9. e5 a6 10. h4 d4 11. Ne4 Nd5 12. Bd2 b6 13. Nd6 Bh6 14. f5 Ne3 15. Bxe3 Bxe3 16. Nc4 Qc7 17. f6 Rb8 18. Nxe3 dxe3 19. h5 Nxe5 20. hxg6 fxg6 21. Ng5 Nf7 22. Nxh7 Qg3+ 0-1